Entre dos amores / (Record no. 108681)
[ view plain ]
| 000 -CABECERA | |
|---|---|
| campo de control de longitud fija | 00989ngm a2200217 a 4500 |
| 005 - FECHA Y HORA DE LA ÚLTIMA TRANSACCIÓN | |
| campo de control | 20210219155011.0 |
| 008 - ELEMENTOS DE LONGITUD FIJA--INFORMACIÓN GENERAL | |
| campo de control de longitud fija | 041124s1994 mx 105 d daspa d |
| 035 ## - NÚMERO DE CONTROL DEL SISTEMA | |
| Número de control de sistema | UPN01000136530 |
| 049 ## - COLECCIÓN | |
| Colección | AV |
| 050 #4 - SIGNATURA TOPOGRÁFICA DE LA BIBLIOTECA DEL CONGRESO | |
| Número de clasificación | PVI PN 1278 |
| 245 00 - MENCIÓN DE TÍTULO | |
| Título | Entre dos amores / |
| Mención de responsabilidad, etc. | dir. Mark Rydell ; producida por Bud Yorkin y Mark Rydell. |
| 260 ## - PUBLICACIÓN, DISTRIBUCIÓN, ETC. | |
| Lugar de publicación, distribución, etc. | Estados Unidos : |
| Nombre del editor, distribuidor, etc. | Paramount Pictures, |
| Fecha de publicación, distribución, etc. | 1994. |
| 300 ## - DESCRIPCIÓN FÍSICA | |
| Extensión | 1 videocasete (VHS) (105 min.) : |
| Otras características físicas | son., col. |
| 500 ## - NOTA GENERAL | |
| Nota general | Subtítulos en español |
| 511 1# - NOTA DE PARTICIPANTES O INTÉRPRETES | |
| Nota de participantes o intérpretes | Reparto: Sharon Stone, Richard Gere, Lolita Davidovich, Martin Landau, David Selby, Jenny Morrison, Ron White |
| 520 ## - NOTA DE RESUMEN, ETC. | |
| Sumario, etc. | Sinopsis: A Vincent Eastman le sonríe la vida. Es un brillante arquitecto, está casado con Sally, una mujer de gran belleza y talento, y tiene una hija adorable. Pero el destino le hace conocer a Olivia |
| 534 ## - NOTA SOBRE LA VERSIÓN ORIGINAL | |
| Frase introductoria | Traducción de: |
| Mención de título del original | Intersection |
| 650 #4 - ASIENTO SECUNDARIO DE MATERIA - TERMINO TEMATICO | |
| Término de materia o nombre geográfico como elemento de entrada | RELACION HOMBRE-MUJER - |
| Subdivisión de forma | DRAMA |
| 700 1# - ASIENTO SECUNDARIO--NOMBRE DE PERSONAL | |
| Nombre de persona | Rydell, Mark, |
| Fechas asociadas al nombre | 1934- , |
| Término indicativo de función/relación | dir. |
| 905 ## - TIPO DE MATERIAL | |
| Tipo de material | Audiovisuales |
| Estado de retiro | Estado de pérdida | Fuente del sistema de clasificación o colocación | Estado dañado | No para préstamo | Código de colección | Localización permanente | Ubicación/localización actual | Ubicación en estantería | Total de préstamos | Clasificación | Código de barras | Fecha visto por última vez | Número de copia | Tipo de ítem Koha |
|---|---|---|---|---|---|---|---|---|---|---|---|---|---|---|
| Library of Congress Classification | Audiovisuales | Bib. Gregorio Torres Quintero | Bib. Gregorio Torres Quintero | Audiovisual | PVI PN 1278 | 227613 | 31/12/2020 | 1 | Videocasete |
